A Treasury of Teddy tales. (Record no. 115090)
[ view plain ]
| 000 -LEADER | |
|---|---|
| fixed length control field | 00502nam a2200169 a 4500 |
| 005 - DATE AND TIME OF LATEST TRANSACTION | |
| control field | 20140414132122.0 |
| 008 - FIXED-LENGTH DATA ELEMENTS--GENERAL INFORMATION | |
| fixed length control field | 121010s19uu xx 00 eng d |
| 050 ## - LIBRARY OF CONGRESS CALL NUMBER | |
| Classification number | M 688.7 |
| Item number | M479 1997 |
| 100 ## - MAIN ENTRY--PERSONAL NAME | |
| Personal name | McKie, Anne |
| 245 ## - TITLE STATEMENT | |
| Title | A Treasury of Teddy tales. |
| 260 ## - PUBLICATION, DISTRIBUTION, ETC. (IMPRINT) | |
| Place of publication, distribution, etc | London : |
| Name of publisher, distributor, etc | Grandreams Limited, |
| Date of publication, distribution, etc | 1997. |
| 300 ## - PHYSICAL DESCRIPTION | |
| Extent | 98 |
| 500 ## - GENERAL NOTE | |
| General note | Teddy on Safari. Teddy and the robot. Teddy and the fire brigade. |
| 650 ## - SUBJECT ADDED ENTRY--TOPICAL TERM | |
| Topical term or geographic name as entry element | Stories-tales-fiction. |
| 700 ## - ADDED ENTRY--PERSONAL NAME | |
| Personal name | Ken McKie (illustrator) |
| Withdrawn status | Lost status | Damaged status | Home library | Current library | Shelving location | Date acquired | Source of acquisition | Total Checkouts | Full call number | Barcode | Date last seen | Price effective from | Koha item type |
|---|---|---|---|---|---|---|---|---|---|---|---|---|---|
| Munich Library | Munich Library | Main Section | 10/10/2012 | M 688.7 M479 1997 | M7088 | 04/14/2014 | 04/14/2014 | Books |